Súčasná charakteristika vyšehradského regiónu a jeho význam pre zahraničných investorov

Vymedzenie pojmu Vyšehradská štvorka. Predsedníctvo a inštitucionálne zabezpečenie. Dôvody atraktívnosti regionálneho zoskupenia V4 pre zahraničných investorov. Priame zahraničné investície v krajinách V4.

Enregistré dans:
Détails bibliographiques
Auteur principal: Mrkvová, Katarína
Format: Chapitre de livre
Langue:slovaque
Sujets:
Tags: Ajouter un tag
Pas de tags, Soyez le premier à ajouter un tag!

MARC

LEADER 00000naa a2200000 4500
001 0209187
005 20240502073456.3
041 0 |a slo 
044 |a SK 
245 1 0 |a Súčasná charakteristika vyšehradského regiónu a jeho význam pre zahraničných investorov  |c Katarína Mrkvová 
520 |a Vymedzenie pojmu Vyšehradská štvorka. Predsedníctvo a inštitucionálne zabezpečenie. Dôvody atraktívnosti regionálneho zoskupenia V4 pre zahraničných investorov. Priame zahraničné investície v krajinách V4. 
610 2 0 |a Vyšehradská štvorka 
610 2 0 |a investície priame zahraničné 
610 2 0 |a regióny 
610 2 0 |a stimuly ekonomické 
610 2 0 |a priemysel automobilový 
100 1 |a Mrkvová, Katarína